000 00585nam a2200229Ia 4500
003 OSt
005 20220924144959.0
006 a|||||r|||| 00| 0
007 ta
008 220923b |||||||| |||| 00| 0 per d
024 _a325111
037 _cTextual
040 _aARTS
_cARTS
_bper
041 _2per
_aper
082 _az45, 164N8.1-.11
100 _aAfshar Iraj Au.
_91156
245 0 _aPazo hashhai Iran shanasi
260 _c1998
650 _aGENERALIA
942 _hz45, 164N8.1-.11
_cTEXL
_2CC
999 _c458816
_d458816